| 000 | 00984nam a2200229 a 4500 | ||
|---|---|---|---|
| 001 | 39656 | ||
| 003 | BD-RjUL | ||
| 005 | 20211209053033.0 | ||
| 008 | 160416b2015 bg ||||| |||| 000 0 ben d | ||
| 020 |
_a9847000002792 _c: Tk.225.00 |
||
| 035 | _a(BD-RjUL)39769 | ||
| 040 |
_aBD-RjUL _bben _cBD-RjUL |
||
| 041 | _aben | ||
| 082 |
_223 _a954.9205 _bHEN 2015 |
||
| 245 |
_aহেনরি কিসিঞ্জার : _bবাংলাদেশের মুক্তিযুদ্ধ ও মার্কিন নীতি / _cহেনরি কিসিঞ্জার |
||
| 260 |
_aঢাকা : _bজাতীয় সাহিত্য প্রকাশ, _c২০১৫. |
||
| 300 |
_a১২৭ পৃ. ; _c২২ সেমি. |
||
| 651 |
_aবাংলাদেশ _xইতিহাস ও বিবর্তন _y১৯৭১ _9122142 |
||
| 651 |
_aBangladesh _xHistory and Revolution _y 1971 _9122142 |
||
| 700 |
_aপাড়েঁ, মলয়. _9122143 |
||
| 942 |
_2ddc _cBK |
||
| 999 |
_c39656 _d39656 |
||